00441nam a2200121Ia 4500008004100000024007900041082001800120100008200138245001500220260002500235600002100260650003800281250506s9999 xx 000 0 und d a00A-06BCS-3Y, 00A-50BCS-3Y, 00A-054BCS-3Y, 00A-04BCS-3Y & 00A-44BCS-3Y a005.71072 MUH aMuhammad Ahmed, Ahsan Shaikh, , Talha Mufti , Bushra Ghori & Syed Amir Faisal 0aSpeed Exam aKarachi:bUIT,c2000 aComputer Science aBachelor of Computer Science (BS)